| 000 | 02225nam a2200373 a 4500 | ||
|---|---|---|---|
| 001 | ebr10623391 | ||
| 003 | CaPaEBR | ||
| 006 | m u | ||
| 007 | cr cn||||||||| | ||
| 008 | 110329s2010 enk sb 001 0 eng d | ||
| 010 | _z 2011286060 | ||
| 020 | _z0719080258 | ||
| 020 | _z9780719080258 | ||
| 020 | _z9781847793126 (e-book) | ||
| 040 |
_aCaPaEBR _cCaPaEBR |
||
| 035 | _a(OCoLC)762096122 | ||
| 043 | _ae-uk--- | ||
| 050 | 1 | 4 |
_aHD8390 _b.J35 2010eb |
| 082 | 0 | 4 |
_a790.1/9 _223 |
| 100 | 1 |
_aJames, Robert, _d1968- |
|
| 245 | 1 | 0 |
_aPopular culture and working-class taste in Britain, 1930-39 _h[electronic resource] : _ba round of cheap diversions? / _cRobert James. |
| 260 |
_aManchester, U.K. ; _aNew York : _bManchester University Press : _bDistributed exclusively in the USA by Palgrave Macmillan, _cc2010. |
||
| 300 | _axii, 268 p. | ||
| 490 | 1 | _aStudies in popular culture | |
| 504 | _aIncludes bibliographical references (p. [250]-256) and index. | ||
| 505 | 0 | _a'The people's amusement': the growth in cinema-going and reading habits -- 'Fouling civilisation?: official attitudes towards popular film and literature -- Trade attitudes towards audience taste -- 'What made you put that rubbish on?': national trends in film popularity -- 'The appearance as an added incentive': national trends in literature popularity -- 'A very profitable enterprise': South Wales Miners' Institutes -- 'Gunmen, rustlers and a damsel in distress': working-class tastes in Derby -- 'The home of the brave"? working -class tastes in Portsmouth -- Popular film and literature: textual analyses -- Conclusion: 'giving the public what it wants'. | |
| 533 |
_aElectronic reproduction. _bPalo Alto, Calif. : _cebrary, _d2011. _nAvailable via World Wide Web. _nAccess may be limited to ebrary affiliated libraries. |
||
| 650 | 0 |
_aWorking class _xRecreation _zGreat Britain _xHistory _y20th century. |
|
| 651 | 0 |
_aGreat Britain _xCivilization _y20th century. |
|
| 655 | 7 |
_aElectronic books. _2local |
|
| 710 | 2 | _aebrary, Inc. | |
| 830 | 0 | _aStudies in popular culture (Manchester, England) | |
| 856 | 4 | 0 |
_uhttp://site.ebrary.com/lib/rucke/Doc?id=10623391 _zAn electronic book accessible through the World Wide Web; click to view |
| 999 |
_c55905 _d55905 |
||